000 00509pab a2200193 454500
008 180718b2009 xxu||||| |||| 00| 0 eng d
100 _aSanjay Kumar
245 _aReducing numbers and improving productivity of livestock in dry land agriculture of India
260 _c2009
300 _ap.49-65.
362 _aJan-Mar
650 _aAgriculture - India
650 _aLivestock - India
650 _aLivestock
700 _aMahesh Chander
773 _aSocial Action
908 _aN
909 _a81097
999 _c81097
_d81097